[Event "EYg18"]
[Site "Herceg Novi SCG"]
[Date "2005.09.22"]
[Round "8"]
[White "Zakoucka,A"]
[Black "Bolon,K"]
[Result "0-1"]
[WhiteElo "2031"]
[BlackElo "2064"]

1.e4 c5 2.c3 Nf6 3.e5 Nd5 4.d4 cxd4 5.Nf3 Nc6 6.cxd4 d6 7.a3 g6 8.Bc4 Nb6
9.Bd3 Bg7 10.Nc3 a6 11.O-O Bg4 12.Be2 Bxf3 13.Bxf3 dxe5 14.dxe5 Qxd1 15.Rxd1 Bxe5
16.Bh6 Rb8 17.g3 Nd4 18.Bg2 Nf5 19.Bc1 O-O 20.Re1 Nc4 21.Bd5 Nfd6 22.Ne4 Rfc8
23.Rb1 b5 24.b3 Nb6 25.Nxd6 Bxd6 26.Be4 Nd7 27.b4 Nb6 28.f4 Nc4 29.Kf2 a5
30.Bd3 axb4 31.axb4 Ra8 32.f5 Ra4 33.fxg6 hxg6 34.Bg5 Bxb4 35.Re4 f6 36.Be3 Ra2+
37.Kf3 f5 38.Rh4 Ne5+ 39.Kf4 Nxd3+ 40.Kg5 Bc3 41.Kxg6 Bf6 42.Bg5 Ne5+ 43.Kxf5 Bxg5
44.Kxe5 Bxh4 45.gxh4 Rc5+ 46.Ke6 Kf8 47.h5 Ra6+  0-1

[Event "EYg16"]
[Site "Herceg Novi SCG"]
[Date "2005.09.23"]
[Round "9"]
[White "Mader,Ma"]
[Black "Sirisena,C"]
[Result "1/2-1/2"]
[WhiteElo "2041"]
[BlackElo "1943"]

1.e4 c5 2.c3 Nf6 3.e5 Nd5 4.Nf3 Nc6 5.Bc4 Nb6 6.Bb3 d5 7.exd6 Qxd6 8.d4 cxd4
9.cxd4 Be6 10.Nc3 Bxb3 11.Qxb3 Qb4 12.Qd1 O-O-O 13.a3 Qc4 14.Be3 e5 15.Nd2 Qe6
16.dxe5 Nxe5 17.O-O Nd3 18.Qc2 Kb8 19.Nb5 Qc6 20.Qc3 Bc5 21.Bxc5 Qxc5 22.Ne4  1/2-1/2

[Event "4th Kesarovski - Georgiev Memorial"]
[Site "Sunny Beach BUL"]
[Date "2005.09.23"]
[Round "8"]
[White "Angelov,K"]
[Black "Grigorov,G"]
[Result "0-1"]
[WhiteElo "2232"]
[BlackElo "2400"]

1.e4 c5 2.c3 Nf6 3.e5 Nd5 4.d4 cxd4 5.Nf3 Nc6 6.cxd4 d6 7.Bc4 Nb6 8.Bb3 dxe5
9.d5 Nb4 10.Nc3 e6 11.O-O N4xd5 12.Nxd5 exd5 13.Nxe5 Bd6 14.Ba4+ Nxa4 15.Qxa4+ Kf8
16.Bf4 f6 17.Nd3 Bf5 18.Rad1 Kf7 19.Qb3 Be7 20.Qxb7 Qd7 21.Qb3 Rhd8 22.Rfe1 Rac8
23.Bg3 g5 24.Nb4 Rc5 25.Qf3 a5 26.Nd3 Rc4 27.h3 Re4 28.Qh5+ Kg7 29.Kh2 Bg6
30.Qf3 h5 31.Ne5 fxe5 32.Bxe5+ Rxe5 33.Rxe5 Qc7 34.Qe3 Bf6  0-1

[Event "NK Rapid"]
[Site "Vlaardingen NED"]
[Date "2005.10.01"]
[Round "7"]
[White "Van Beers,E"]
[Black "Gutman,L"]
[Result "0-1"]
[WhiteElo "2370"]
[BlackElo "2455"]

1.e4 c5 2.c3 Nf6 3.e5 Nd5 4.d4 cxd4 5.Nf3 g6 6.Bc4 Nb6 7.Bb3 Bg7 8.cxd4 O-O
9.Bf4 d6 10.exd6 Bg4 11.O-O Nc6 12.dxe7 Qxe7 13.d5 Nd4 14.Nbd2 Ne2+ 15.Kh1 Nxf4
16.h3 Bf5 17.Re1 Qd6 18.Ne4 Bxe4 19.Rxe4 Nh5 20.Re2 Rad8 21.Rd2 Nf6 22.Qf1 Ne4
23.Re2 Nc5  0-1

[Event "Veselin Boskovic Mem"]
[Site "Bijelo Polje SCG"]
[Date "2005.10.02"]
[Round "1"]
[White "Podinic,V"]
[Black "Delchev,A"]
[Result "0-1"]
[WhiteElo "2415"]
[BlackElo "2669"]

1.e4 c5 2.c3 Nf6 3.d3 Nc6 4.f4 d6 5.Nf3 g6 6.g3 Bg7 7.Bg2 O-O 8.O-O Rb8 9.h3 b5
10.g4 b4 11.c4 e6 12.Nbd2 Nd7 13.Kh1 Bb7 14.Rb1 Qe7 15.Nb3 f5 16.exf5 gxf5
17.g5 e5 18.Nh4 Qe6 19.Qe2 Nd4 20.Nxd4 cxd4 21.Bd2 Nc5 22.Rbe1 a5 23.Kh2 Bxg2
24.Kxg2 Rbe8 25.b3 Qd7 26.Kh2 e4 27.dxe4 fxe4 28.f5 Be5+ 29.Bf4 Bxf4+ 30.Rxf4 Nd3
31.Rg4 Nxe1 32.Qxe1 Rxf5 33.g6 h5 34.Nxf5 Qxf5 35.Qh4 e3 36.Rg5 Qc2+ 37.Rg2 Qe4
38.Rg4 Qe5+  0-1

[Event "Open A"]
[Site "Hamburg GER"]
[Date "2005.10.02"]
[Round "2"]
[White "Schramm,B"]
[Black "Reddmann,H"]
[Result "1/2-1/2"]
[WhiteElo "2124"]
[BlackElo "2319"]

1.e4 c5 2.c3 Nf6 3.e5 Nd5 4.Nf3 e6 5.Bc4 d6 6.d4 Nc6 7.O-O cxd4 8.cxd4 Be7
9.Qe2 Nb6 10.Bb3 d5 11.Nc3 Bd7 12.a3 Rc8 13.Rd1 a6 14.Bc2 Na7 15.Bd3 Na4
16.Nxa4 Bxa4 17.Re1 Bb5 18.Be3 Bxd3 19.Qxd3 O-O 20.Rec1 Re8 21.Rxc8 Qxc8
22.Rc1 Qd7 23.Bg5 Bf8 24.Bd2 h6 25.g4 Rc8 26.Rc3 Rxc3 27.Bxc3 Be7 28.Kf1 Qa4
29.h3 Nc6 30.Ne1 Bg5 31.Qc2 Qc4+ 32.Qd3 b5 33.Ke2 a5 34.Nc2 Qb3 35.Na1 Qc4
36.b3 Qxd3+ 37.Kxd3 Bc1 38.Nc2 Kf8  1/2-1/2

[Event "Open A"]
[Site "Hamburg GER"]
[Date "2005.10.02"]
[Round "2"]
[White "Helmich,J"]
[Black "Ewaldt,M"]
[Result "0-1"]
[WhiteElo "1873"]
[BlackElo "2099"]

1.e4 c5 2.c3 Nf6 3.e5 Nd5 4.d4 cxd4 5.cxd4 e6 6.Nf3 b6 7.Bc4 Bb7 8.O-O Be7
9.Nc3 Nxc3 10.bxc3 Qc7 11.Qb3 Nc6 12.Bd3 Rc8 13.Bd2 Na5 14.Qc2 Nc4 15.Bxc4 Qxc4
16.Rfc1 h6 17.a4 O-O 18.a5 b5 19.a6 Bd5 20.Be1 Rc6 21.Nd2 Qe2 22.Nf1 Qxc2
23.Rxc2 b4 24.Ne3 Be4 25.Rb2 bxc3 26.Rb7 c2 27.Bd2 Rfc8 28.Bc1 R6c7 29.Rxc7 Rxc7
30.f3 Bd3 31.Kf2 Rc3 32.Ra2 Bd8 33.Rb2 Bb6 34.Rxb6 axb6 35.a7 Rc8 36.Ke1 Ra8
37.Kd2 Bg6 38.d5 Rxa7 39.dxe6 dxe6 40.Nxc2 Ra2  0-1

[Event "Open A"]
[Site "Hamburg GER"]
[Date "2005.10.03"]
[Round "3"]
[White "Gottuk,S"]
[Black "Dembo,Y"]
[Result "0-1"]
[WhiteElo "2280"]
[BlackElo "2441"]

1.e4 c5 2.c3 Nf6 3.e5 Nd5 4.g3 d6 5.exd6 Qxd6 6.Bg2 Nc6 7.Na3 Nc7 8.Nc4 Qe6+
9.Ne3 g6 10.Nf3 Bg7 11.O-O O-O 12.d4 cxd4 13.cxd4 Qd6 14.d5 Nb4 15.Ng5 Bd7
16.Qb3 Nba6 17.Ne4 Qb6 18.Qxb6 axb6 19.d6 exd6 20.Nxd6 Bc6 21.Nxb7 Bxg2 22.Kxg2 Nb5
23.a4 Nd4 24.Ra3 Rfb8 25.Nd6 Nc5 26.b4 Nxa4 27.Rd1 Rd8 28.Ndc4 b5 29.Na5 Ne2
30.Nd5 Nxc1 31.Nc6 Kf8 32.Nxd8 Rxd8 33.Rf3 Ne2 34.Re3 Nd4 35.Nc7 Bf6 36.Red3 Nb2  0-1

[Event "Vojvodina Quality League"]
[Site "Pancevo SCG"]
[Date "2005.10.03"]
[Round "1"]
[White "Djonin,B"]
[Black "Stojkovic,N"]
[Result "1/2-1/2"]
[WhiteElo "2288"]
[BlackElo "2081"]

1.e4 c5 2.c3 Nf6 3.e5 Nd5 4.d4 cxd4 5.Nf3 Nc6 6.Bc4 Nb6 7.Bb3 d6 8.exd6 Qxd6
9.O-O Be6 10.Bxe6 Qxe6 11.Nxd4 Nxd4 12.Qxd4 Rd8 13.Qh4 Qd7 14.Be3 e5 15.Bxb6 axb6
16.Qg3 f6 17.c4 Qf5 18.Qb3 Bc5 19.Nc3 Rd2 20.Rad1 Bxf2+ 21.Kh1 Qd3 22.Qa4+ Kf7
23.Qa7 Bd4 24.Qxb7+ Kg6 25.Qd5 Rc8 26.Qd7 Rxc4 27.Qg4+ Kf7 28.Qd7+ Kg6 29.Qg4+ Kf7
30.Qd7+  1/2-1/2

[Event "Vojvodina Quality League"]
[Site "Pancevo SCG"]
[Date "2005.10.03"]
[Round "1"]
[White "Rogac,S"]
[Black "Kostic,VV"]
[Result "1/2-1/2"]
[WhiteElo "2327"]
[BlackElo "2330"]

1.e4 c5 2.c3 Nf6 3.e5 Nd5 4.g3 d6 5.exd6 e6 6.Bg2 Bxd6 7.Nf3 Nc6 8.O-O O-O
9.d4 cxd4 10.Nxd4 Nxd4 11.Qxd4 Qc7 12.Nd2 Bd7 13.Qc4 Rac8 14.Qxc7 Rxc7 15.Ne4 Be7
16.Ng5 Bb5 17.Re1 Rd8 18.Nf3 h6 19.Bd2 Bf6 20.Be3 Nxe3 21.fxe3 Be7 22.Rad1 Rcd7
23.Rxd7 Rxd7 24.Kf2 Rd6 25.Nd4 Bd7 26.Bf3 e5 27.Nb3 Ra6 28.Ra1 Rb6 29.Rd1 Be6
30.Rd2 Bxb3 31.axb3 Rxb3 32.Bd5 Rb6 33.Ke2 Kf8 34.b4 f5 35.Ra2 a6 36.e4 g6
37.h3 Kg7 38.Kf3 Kf6 39.Re2 Rb5 40.Bc4 Rb6 41.Bd5 Bd6 42.g4 f4 43.h4 Ke7
44.Rg2 Bc7 45.g5 h5 46.Ra2 Kd7 47.Ke2 Ke7 48.Ra1 Rb5 49.Bc4 Rb6 50.Bd5 Rb5
51.Bc4 Rb6 52.Bd5 Rb5 53.Bc4 Rb6 54.Bd5  1/2-1/2

[Event "Open A"]
[Site "Hamburg GER"]
[Date "2005.10.04"]
[Round "4"]
[White "Obst,J"]
[Black "Becker,Ni"]
[Result "1-0"]
[WhiteElo "2048"]
[BlackElo "2122"]

1.e4 c5 2.c3 Nf6 3.d3 Nc6 4.f4 d6 5.Nf3 g6 6.Be2 Bg7 7.O-O O-O 8.Kh1 Rb8
9.Be3 b5 10.a3 b4 11.axb4 Ng4 12.Bg1 cxb4 13.h3 Nf6 14.Nd4 Nxd4 15.Bxd4 bxc3
16.bxc3 a6 17.Nd2 Qc7 18.Rc1 e5 19.fxe5 dxe5 20.Be3 Bb7 21.Qe1 a5 22.Qh4 Nd7
23.d4 Rbe8 24.Bg5 exd4 25.cxd4 Qd6 26.e5 Nxe5 27.dxe5 Bxe5 28.Nc4 Qd5 29.Bf3 Qb5
30.Bxb7 Qxb7 31.Nxe5 Rxe5 32.Bf6 Re2 33.Rf3 h5 34.Qg5 Kh7 35.Rcf1 a4 36.Ba1 f5
37.Re3 Re8 38.Rxe8 Rxe8 39.Qf6 a3 40.Rc1 a2 41.Qd4 Kh6 42.Qf4+ g5 43.Qxf5 g4
44.h4  1-0

[Event "IX Itau Cup"]
[Site "Sao Paulo BRA"]
[Date "2005.10.04"]
[Round "3"]
[White "Madeira,W"]
[Black "Limp,E"]
[Result "1/2-1/2"]
[WhiteElo "2274"]
[BlackElo "2447"]

1.e4 c5 2.c3 Nf6 3.e5 Nd5 4.d4 cxd4 5.Nf3 Nc6 6.Bc4 Nb6 7.Bb3 d5 8.exd6 exd6
9.Nxd4 Be7 10.O-O O-O 11.Bf4 d5 12.Re1 a6 13.Qd3 Bf6 14.Nd2 Nxd4 15.cxd4 Be6
16.Rac1 Rc8 17.Rxc8 Qxc8 18.Be5 Bxe5 19.dxe5 Nc4 20.Qd4 Qc7 21.Nf3 Qa5 22.Rd1 h6
23.h3 Rc8 24.Ne1 Qc5 25.Qxc5 Rxc5 26.Nd3 Rb5 27.g4 h5 28.f3 hxg4 29.hxg4 d4
30.Bxc4 Bxc4 31.b3 Bxd3 32.Rxd3 Rxe5 33.Rxd4 Re2 34.Rb4 Rxa2 35.Rxb7 g5 36.b4 Kg7
37.b5 axb5 38.Rxb5 Kf6 39.Rf5+ Kg6 40.Kf1  1/2-1/2

[Event "Vojvodina Quality League"]
[Site "Pancevo SCG"]
[Date "2005.10.06"]
[Round "6"]
[White "Rogac,S"]
[Black "D'Innocente,S"]
[Result "1/2-1/2"]
[WhiteElo "2327"]
[BlackElo "2262"]

1.e4 c5 2.c3 Nf6 3.e5 Nd5 4.g3 d6 5.exd6 e6 6.Bg2 Bxd6 7.Nf3 O-O 8.d4 Nc6
9.dxc5 Bxc5 10.O-O Bd7 11.Nbd2 Be7 12.Nb3 Qc7 13.Nbd4 Rad8 14.Qe2 a6 15.Rd1 Bf6
16.Nxc6 Bxc6 17.Bg5 h6 18.Bxf6 Nxf6 19.c4 Rxd1+ 20.Rxd1 Rd8 21.Rxd8+ Qxd8
22.Qd2 Qc7 23.Qd4 Nd7 24.Nd2 Bxg2 25.Kxg2 Ne5 26.b3 Nc6 27.Qc5 f5 28.Nf3 b6
29.Qe3 Kf7 30.Nd4 Nxd4 31.Qxd4 Qc6+ 32.Kg1 Qb7 33.Qd6 a5 34.a3 Kf6 35.h4 Kf7
36.b4 axb4 37.axb4 g5 38.hxg5 hxg5 39.b5 g4 40.c5 bxc5 41.Qxc5 Ke8 42.Qe5 Qb6
43.Qb2 Kd7 44.Qb4 Qd6 45.Qa5 Qd1+ 46.Kh2 Qd4 47.Kg2 Qd5+  1/2-1/2

[Event "Open A"]
[Site "Hamburg GER"]
[Date "2005.10.07"]
[Round "7"]
[White "Krulich,R"]
[Black "Fries Nielsen,JO"]
[Result "1-0"]
[WhiteElo "2186"]
[BlackElo "2381"]

1.e4 c5 2.c3 Nf6 3.e5 Nd5 4.d4 cxd4 5.cxd4 e6 6.Nf3 Nc6 7.a3 d6 8.Bd3 Qa5+
9.Bd2 Qb6 10.Nc3 Nxc3 11.Bxc3 dxe5 12.dxe5 Be7 13.O-O Bd7 14.Qe2 Rd8 15.b4 a6
16.Rfd1 O-O 17.Qe4 g6 18.Qf4 Bc8 19.h4 Qc7 20.h5 Rfe8 21.Qg3 Bf8 22.Ng5 Bg7
23.f4 Ne7 24.Rac1 Qb6+ 25.Kh2 h6 26.Ne4 Nf5 27.Nf6+ Bxf6 28.Bxf5 Rxd1 29.Rxd1 Rd8
30.Bd3 Bg7 31.hxg6 Qc7 32.gxf7+ Kxf7 33.Bd4 b6 34.Qf2 Rg8 35.Bxb6 Qb7 36.Qe3 Bxe5
37.Be4 Qb8 38.fxe5 Qxe5+ 39.Kg1  1-0

[Event "Vojvodina Quality League"]
[Site "Pancevo SCG"]
[Date "2005.10.07"]
[Round "7"]
[White "Djurdjevic,P"]
[Black "Pavlovic,Nen"]
[Result "0-1"]
[WhiteElo "2037"]
[BlackElo "2088"]

1.e4 c5 2.c3 Nf6 3.e5 Nd5 4.d4 cxd4 5.Nf3 e6 6.cxd4 b6 7.Nc3 Nxc3 8.bxc3 Qc7
9.Bd2 d6 10.Bd3 Nd7 11.exd6 Bxd6 12.Be4 Bb7 13.Qe2 Rc8 14.Bxb7 Qxb7 15.O-O O-O
16.Rfe1 Qd5 17.a4 Rc4 18.Reb1 Rfc8 19.Rb5 Qc6 20.d5 exd5 21.Nd4 Qb7 22.Nf5 Bf8
23.Ne3 R4c5 24.Qf3 Ne5 25.Qf5 Nc4 26.Nxc4 dxc4 27.Qg4 Qc6 28.Be3 f5 29.Qd1 Rxb5
30.axb5 Qxb5 31.Rxa7 Rd8 32.Bd4 Qd5 33.h4 b5 34.Qh5 b4 35.Rc7 bxc3 36.g3 Qxd4
37.Qf7+ Kh8  0-1

[Event "2nd Bundesliga Ost 2005-6"]
[Site "Austria AUT"]
[Date "2005.10.08"]
[Round "1"]
[White "Kuthan,A"]
[Black "Zwettler,M"]
[Result "1-0"]
[WhiteElo "2220"]
[BlackElo "2218"]

1.e4 c5 2.c3 Nf6 3.e5 Nd5 4.d4 cxd4 5.Nf3 e6 6.cxd4 d6 7.Bc4 Nc6 8.O-O Be7
9.a3 O-O 10.Re1 Qc7 11.Bd3 Bd7 12.Bd2 Qb6 13.Nc3 Nxd4 14.Nxd4 Qxd4 15.Nxd5 Qxd5
16.Be4 Qxe5 17.Bxh7+ Kxh7 18.Rxe5 dxe5 19.Bb4 Bxb4 20.Qxd7 Bc5 21.Qxb7 Bd4
22.Rc1 Kg8 23.b4 Bb2 24.Rb1 Bxa3 25.Qf3  1-0

[Event "2nd Bundesliga West 2005-6"]
[Site "Austria AUT"]
[Date "2005.10.08"]
[Round "1"]
[White "Atlas,D"]
[Black "Gatterer,F"]
[Result "0-1"]
[WhiteElo "2330"]
[BlackElo "2178"]

1.e4 c5 2.c3 Nf6 3.e5 Nd5 4.g3 e6 5.Nf3 Nc6 6.Bg2 d6 7.exd6 Bxd6 8.O-O O-O
9.d4 cxd4 10.Nxd4 Nxd4 11.Qxd4 Qc7 12.Nd2 Bd7 13.Ne4 Be5 14.Qc5 Bc6 15.f4 b6
16.Qc4 Bd6 17.Nxd6 Qxd6 18.Bd2 Rac8 19.Qd4 Rfd8 20.Rad1 Qe7 21.Qf2 Nf6 22.Bxc6 Rxc6
23.Be3 Ng4 24.Qf3 Nxe3 25.Rxd8+ Qxd8 26.Qxc6 Nxf1 27.Kxf1 Qd3+ 28.Kg2 g6
29.Qa8+ Kg7 30.Qxa7 Qe2+ 31.Kg1 Qxb2 32.Qc7 Qb1+ 33.Kg2 Qxa2+ 34.Kg1 Qa5
35.Qb8 h5 36.c4 h4 37.Kg2 Qc5 38.Kh3 hxg3 39.hxg3 Qg1 40.Qb7 Kh6 41.Qa8 Kh7
42.Qb7 Kg7 43.Qe4 Qc5 44.Kg2 Qd6 45.Kh3 Kf6 46.Qb7 Qd4 47.Kg2 Qe3 48.Kh3 Qe1
49.Kg2 Qe3 50.Kh3 Qg1 51.Qe4 Ke7 52.Qc6 Qc5 53.Qb7+ Kd6 54.Qb8+ Qc7 55.Qf8+ Kc6
56.Kh4 Kb7 57.Kg5 e5 58.fxe5 Qxe5+ 59.Kh6 Qf6 60.Kh7 g5 61.g4 Qg6+ 62.Kh8 Kc6
63.Qb4 f6 64.Qb5+ Kc7 65.c5 bxc5 66.Qxc5+ Kd7 67.Qd5+ Ke7 68.Qc5+ Ke6 69.Qd4 Qh6+
70.Kg8 Qg6+ 71.Kh8 Qc2 72.Qe3+ Kd5 73.Kg7 Qc7+ 74.Kg6 Qf4 75.Qc3 Ke4 76.Qh3 Qf3
77.Qh8 f5 78.gxf5 Qxf5+  0-1

[Event "Belgrade Premier League"]
[Site "Belgrade SCG"]
[Date "2005.10.08"]
[Round "8"]
[White "Vucinic,P"]
[Black "Stankovic,Milo"]
[Result "1/2-1/2"]
[WhiteElo "2296"]
[BlackElo "2124"]

1.e4 c5 2.c3 Nf6 3.e5 Nd5 4.d4 cxd4 5.cxd4 d6 6.Nf3 Nc6 7.Bc4 Nb6 8.Bb5 dxe5
9.Nxe5 Bd7 10.Bxc6 Bxc6 11.Nxc6 bxc6 12.O-O e6 13.Qc2 Rc8 14.Rd1 Be7 15.Nc3 O-O
16.Qe4 Nd5 17.Rd3 Nxc3 18.Rxc3 Qd5 19.Qc2 Rfd8 20.Be3 Bf6 21.Rc4 g6 22.Rc1 Kg7
23.g3 h5 24.h4 Rb8 25.b3 Rb6 26.Rc5 Qf3 27.Rxc6 Bxd4 28.Bxd4+ Rxd4 29.Qc3 Qxc3
30.R1xc3 Rb7 31.Rc7 Rd7 32.Rxb7 Rxb7 33.Rc5 Kf6 34.Kg2 Ke7 35.Ra5 Kd6 36.f3 f5
37.Kf2 Rd7 38.Ke3 Ke7 39.Ra4 Kf6 40.Rd4 Rc7 41.Kd2 Rc6 42.b4 Ra6 43.Rd7 Rxa2+
44.Ke3 Ra4 45.f4 Rxb4 46.Rxa7 Rb5 47.Ra6 Rb3+ 48.Kf2 Rb7 49.Ra8 Re7 50.Ra6 Kf7
51.Ra5 Rb7 52.Kf3 Rd7 53.Ke3 Ke7 54.Ra6 Rd6 55.Ra7+ Rd7 56.Ra6 Rd6 57.Ra7+ Kf6
58.Ra5 Ke7 59.Ra7+ Rd7 60.Ra6 Kf7 61.Ra5 Ke7  1/2-1/2

[Event "Veselin Boskovic Mem"]
[Site "Bijelo Polje SCG"]
[Date "2005.10.08"]
[Round "7"]
[White "Podinic,V"]
[Black "Rmus,A"]
[Result "1/2-1/2"]
[WhiteElo "2415"]
[BlackElo "2398"]

1.e4 c5 2.c3 Nf6 3.d3 d5 4.e5 Nfd7 5.f4 Nc6 6.Nf3 a6 7.d4 cxd4 8.cxd4 Nb6
9.h3 Bf5 10.Bd3 Bxd3 11.Qxd3 e6 12.O-O g6 13.Nc3 h5 14.b3 Rc8 15.Bb2  1/2-1/2

[Event "5th ch-Asian"]
[Site "Hyderabad IND"]
[Date "2005.10.08"]
[Round "3"]
[White "Megaranto,S"]
[Black "Himanshu,Sh"]
[Result "1-0"]
[WhiteElo "2530"]
[BlackElo "2391"]

1.e4 c5 2.c3 Nf6 3.e5 Nd5 4.Nf3 e6 5.Bc4 d6 6.O-O dxe5 7.Nxe5 Bd6 8.d4 O-O
9.Nd2 cxd4 10.cxd4 Qc7 11.Nef3 Nd7 12.Bd3 Nb4 13.Ne4 Nxd3 14.Qxd3 Re8 15.Bd2 Nf8
16.Rac1 Qe7 17.h4 Bd7 18.h5 h6 19.Ne5 Red8 20.Qg3 Bb5 21.Rfe1 Bxe5 22.dxe5 Rd3
23.Re3 Rad8 24.Rxd3 Rxd3 25.Qg4 Kh7 26.Bb4 Qd8 27.Nd6 Ba6 28.Rc8 Rxd6 29.Rxd8 Rxd8
30.Be7 Rc8 31.Bf6 g6 32.hxg6+ Nxg6 33.Qd4 Bb5 34.Qxa7 Bc6 35.Qc5 Rg8 36.b4 h5
37.b5 Bd5 38.Qc7 Rf8 39.a4 Kg8 40.a5 Nf4 41.g3 Ng6 42.f4 h4 43.Bxh4 Nxh4
44.gxh4 f6 45.exf6 Rxf6 46.Kf2 Rf7 47.Qb8+ Kh7 48.Ke3 Bc4 49.Qe8 Rg7 50.Kd4 Bd5
51.Ke5  1-0

[Event "2nd Bundesliga Ost 2005-6"]
[Site "Austria AUT"]
[Date "2005.10.09"]
[Round "2"]
[White "Ranits,F"]
[Black "Wanderer,T"]
[Result "1-0"]
[WhiteElo "2260"]
[BlackElo "2240"]

1.e4 c5 2.c3 Nf6 3.e5 Nd5 4.d4 cxd4 5.cxd4 Nc6 6.Nf3 g6 7.Bc4 Nb6 8.Bb3 Bg7
9.Bf4 d6 10.exd6 O-O 11.O-O exd6 12.h3 Bf5 13.Nc3 Na5 14.Bc2 Bxc2 15.Qxc2 Nc6
16.Rad1 Re8 17.Nb5 Nd5 18.Bg3 Bf8 19.Qb3 Nc7 20.Nc3 Qd7 21.d5 Ne5 22.Nxe5 dxe5
23.Rfe1 f6 24.d6+ Ne6 25.Ne4 Kg7 26.Qf3 Qf7 27.Nxf6 Ng5 28.Nxe8+ Qxe8 29.Qxb7+ Nf7
30.Bxe5+ Kg8 31.Bf6 Rb8 32.Rxe8 Rxb7  1-0

[Event "Lichtenrader Autumn"]
[Site "Berlin GER"]
[Date "2005.10.09"]
[Round "9"]
[White "Rabiega,R"]
[Black "Mikhaletz,L"]
[Result "1/2-1/2"]
[WhiteElo "2501"]
[BlackElo "2468"]

1.e4 c5 2.c3 Nf6 3.e5 Nd5 4.Nf3 e6 5.Bc4 Nb6 6.Bb3 Nc6 7.O-O d5 8.exd6 Qxd6
9.d4 Be7 10.Be3 cxd4 11.Nxd4 Nxd4 12.Qxd4 Qxd4 13.Bxd4 Bf6 14.Rd1 Bxd4 15.Rxd4 Bd7
16.Nd2  1/2-1/2

[Event "5th ch-Asian"]
[Site "Hyderabad IND"]
[Date "2005.10.09"]
[Round "4"]
[White "Lim Yee Weng"]
[Black "Ramakrishna,J"]
[Result "1-0"]
[WhiteElo "2348"]
[BlackElo "2294"]

1.e4 c5 2.c3 Nf6 3.e5 Nd5 4.Nf3 e6 5.d4 cxd4 6.cxd4 d6 7.Bc4 Bd7 8.O-O Bc6
9.Nc3 Nxc3 10.bxc3 Be7 11.Bf4 O-O 12.Qd3 Qc7 13.exd6 Bxd6 14.Ng5 g6 15.Qh3 h5
16.Nxe6 Qd7 17.Bxd6 Qxd6 18.Nxf8 Qxf8 19.Rfe1 Nd7 20.Qg3 Kg7 21.d5 Ba4 22.Bb3 Nc5
23.Bxa4 Nxa4 24.d6 b6 25.Qe5+ Kg8 26.d7 Rd8 27.Qe8 Kg7 28.Rad1 Nc5 29.Qxd8 Qxd8
30.Re8 Qxd7 31.Rxd7 Nxd7 32.Re7 Nc5 33.Rxa7 Kf6 34.Rc7 Na4 35.Kf1 Ke6 36.Ke1 g5
37.Kd2 f5 38.g3 Ke5 39.Rh7 Nc5 40.Rxh5 Ne4+ 41.Kc2 g4 42.Rh6 b5 43.Rb6 Nd6
44.Kb3 Kd5 45.Kb4 Ne4 46.Rxb5+ Ke6 47.a4 Nxf2 48.a5 Nd3+ 49.Kc4 Ne5+ 50.Rxe5+  1-0

[Event "Goodbye Summer Open"]
[Site "Omis CRO"]
[Date "2005.10.11"]
[Round "3"]
[White "Susak,Z"]
[Black "Berke,A"]
[Result "1-0"]
[WhiteElo "2235"]
[BlackElo "2047"]

1.e4 c5 2.c3 Nf6 3.e5 Nd5 4.Nf3 Nc6 5.Bc4 e6 6.d4 cxd4 7.cxd4 Nb6 8.Bb3 d6
9.Qe2 dxe5 10.dxe5 Bb4+ 11.Nc3 Nd4 12.Nxd4 Qxd4 13.Bd2 Bxc3 14.Bxc3 Qh4 15.O-O O-O
16.Rad1 Rd8 17.Qg4 Qe7 18.Bd2 Qf8 19.Qh4 Nd5 20.Bb4 Qe8 21.Bc2 h6 22.Bd2 Bd7
23.Bxh6 Rac8 24.Bb1 Bb5 25.Bg5 g6 26.Rxd5  1-0

[Event "Goodbye Summer Open"]
[Site "Omis CRO"]
[Date "2005.10.12"]
[Round "4"]
[White "Berke,A"]
[Black "Rezan,S"]
[Result "0-1"]
[WhiteElo "2047"]
[BlackElo "2421"]

1.e4 c5 2.c3 Nf6 3.e5 Nd5 4.Nf3 Nc6 5.d4 cxd4 6.cxd4 d6 7.Bc4 Nb6 8.Bb3 dxe5
9.Nxe5 Nxe5 10.dxe5 Qxd1+ 11.Bxd1 Nc4 12.f4 Bd7 13.Bf3 e6 14.O-O O-O-O 15.Nc3 Bc5+
16.Kh1 Bd4 17.Rb1 Bxc3 18.bxc3 Bc6 19.Rb4 Bxf3 20.Rxc4+ Bc6 21.Be3 Rd3 22.Bxa7 Rd2
23.Rg1 Rhd8 24.Bd4 Rd5 25.Rc5 Rxc5 26.Bxc5 Rxa2 27.h3 Rc2 28.Bd4 h5 29.h4 Kd7
30.Kh2 b5 31.Kh1 Be4 32.Kh2 Kc6 33.Rf1 Rxg2+ 34.Kh3 Rd2 35.Rg1 b4 36.Be3 Rd3
37.Rg3 Bf5+ 38.Kg2 Rxe3 39.Rxe3 b3 40.Re2 Bc2  0-1

[Event "Goodbye Summer Open"]
[Site "Omis CRO"]
[Date "2005.10.13"]
[Round "5"]
[White "Susak,Z"]
[Black "Rezan,S"]
[Result "0-1"]
[WhiteElo "2235"]
[BlackElo "2421"]

1.e4 c5 2.c3 Nf6 3.e5 Nd5 4.Nf3 d6 5.d4 cxd4 6.cxd4 Nc6 7.Bc4 Nb6 8.Bb5 Bd7
9.exd6 e6 10.Bf4 a6 11.Be2 Qb8 12.Nc3 Bxd6 13.Be3 O-O 14.O-O Ne7 15.Ne4 Nbd5
16.Nxd6 Qxd6 17.Ne5 Bb5 18.Nc4 Bxc4 19.Bxc4 Rfd8 20.Qe2 Rd7 21.Rfd1 Nf5 22.Bb3 Rc8
23.Rd2 Rdc7 24.Rad1 h6 25.h3 Rc1 26.Qf3 Rxd1+ 27.Rxd1 b5 28.g3 Nfe7 29.g4 a5
30.Rc1 Rxc1+ 31.Bxc1 Qb4 32.Qe4 a4 33.Bc2 Ng6 34.a3 Qa5 35.f4 Qc7 36.h4 Nf6
37.Qg2 Nxg4 38.h5 Nf8 39.Kf1 Nf6 40.f5 exf5 41.Bxh6 Qc4+ 42.Ke1 Ng4 43.Bg5 Qxd4
44.h6 gxh6 45.Bxh6 Qe5+ 46.Kf1 Ng6 47.Bg5 Nf4 48.Qa8+ Kg7  0-1

[Event "Goodbye Summer Open"]
[Site "Omis CRO"]
[Date "2005.10.13"]
[Round "6"]
[White "Berke,A"]
[Black "Jokic,B"]
[Result "1-0"]
[WhiteElo "2047"]
[BlackElo "2031"]

1.e4 c5 2.c3 Nf6 3.e5 Nd5 4.Nf3 Nc6 5.d4 cxd4 6.cxd4 e6 7.Bc4 Nb6 8.Bb3 Be7
9.Nc3 d5 10.exd6 Bxd6 11.O-O Ne7 12.Re1 O-O 13.Bc2 Ng6 14.Qd3 Bd7 15.h4 f5
16.Bg5 Be7 17.Bb3 h6 18.h5 Bxg5 19.hxg6 Qf6 20.d5 Rad8 21.dxe6 Ba4 22.e7+ Bxb3
23.exd8=Q Rxd8 24.Qb5 Be6 25.Nxg5 hxg5 26.Qe5 Bd7 27.Nd5 Nxd5 28.Qxd5+ Kf8
29.Qxb7 Be8 30.Qb4+ Kg8 31.Qb3+ Kf8 32.Qa3+ Qd6 33.Qb3 Qxg6 34.Re6 Qh5 35.Qb4+ Kg8
36.Qe7 Rc8 37.Rae1 Bf7 38.R6e5 Rc4 39.g3 Rc6 40.Qb7 Rh6 41.Qg2 Bxa2 42.Rxf5 Qg4
43.Rfe5 Bf7 44.Qa8+ Kh7 45.Qe4+ Qxe4 46.R1xe4 Rb6 47.b4 Kh6 48.Rc5 a6 49.f3 Bg6
50.Rd4 Be8 51.Kf2 Bb5 52.Ke3 Re6+ 53.Re4 Rd6 54.Rxb5 axb5 55.Re5 Rb6 56.Kd4 Rf6
57.Ke3 Rb6 58.Ke4 Kg6 59.g4 Kh6 60.Kd5 Rf6 61.Re6 Kg6 62.Rxf6+ Kxf6 63.Kc5 Ke6
64.Kxb5 Ke5 65.Kc4 Kf4 66.b5 Kxf3 67.b6 Kxg4  1-0

[Event "5th ch-Asian"]
[Site "Hyderabad IND"]
[Date "2005.10.14"]
[Round "8"]
[White "Xie,G"]
[Black "Das,Ar"]
[Result "1-0"]
[WhiteElo "2340"]
[BlackElo "2411"]

1.e4 c5 2.c3 Nf6 3.e5 Nd5 4.d4 cxd4 5.Nf3 e6 6.cxd4 d6 7.Nc3 Nxc3 8.bxc3 Qc7
9.Bd2 Nd7 10.exd6 Bxd6 11.a4 O-O 12.Bd3 b6 13.a5 Bb7 14.O-O Rad8 15.axb6 axb6
16.h3 e5 17.Re1 Rfe8 18.Ng5 Nf6 19.Ra7 Qb8 20.Qa1 exd4 21.Bc4 Rxe1+ 22.Bxe1 Rd7
23.g3 Qe8 24.Bb5 h6 25.Rxb7 hxg5 26.cxd4 Qc8 27.Rxb6 Rd8 28.Bf1 Qf5 29.Rb5 Qe6
30.Rxg5 Ne4 31.d5 Qh6 32.Rf5 Rc8 33.Qa7 Rc7 34.Qa4 Re7 35.Bb4 Qg6 36.g4 Bxb4
37.Qa8+ Kh7 38.Rh5+ Qxh5 39.gxh5 f5 40.Bd3 Nd6 41.Kg2 Kh6 42.Qh8+ Kg5 43.Qh7 Kf4
44.h6 Bc3 45.Qg6 Ne4 46.h7  1-0

[Event "2nd Samba Cup"]
[Site "Skanderborg DEN"]
[Date "2005.10.15"]
[Round "2"]
[White "Hansen,Cu"]
[Black "Timofeev,Arty"]
[Result "1/2-1/2"]
[WhiteElo "2607"]
[BlackElo "2658"]

1.e4 c5 2.c3 Nf6 3.e5 Nd5 4.Nf3 Nc6 5.Bc4 Nb6 6.Bb3 d5 7.exd6 Qxd6 8.Na3 Be6
9.d4 Bxb3 10.Qxb3 cxd4 11.Nb5 Qd7 12.Nbxd4 Nxd4 13.Nxd4 e6 14.O-O Be7 15.Rd1 O-O
16.Nf5 Qc7 17.Nxe7+ Qxe7 18.Be3 Nd5 19.Bd4 Rfd8 20.Rd2 a6 21.c4 Nf4 22.Qe3 e5
23.g3 Nh3+ 24.Kg2 Nxf2 25.Qxf2 Rxd4 26.Rxd4 exd4 27.Qxd4 Qe2+ 28.Kg1 h5 29.Rf1 Re8  1/2-1/2

[Event "Chigorin Mem"]
[Site "St Petersburg RUS"]
[Date "2005.10.15"]
[Round "1"]
[White "Skrenev,S"]
[Black "Purtov,A"]
[Result "0-1"]
[WhiteElo "2114"]
[BlackElo "2404"]

1.e4 c5 2.c3 Nf6 3.e5 Nd5 4.d4 cxd4 5.cxd4 e6 6.Nc3 Nxc3 7.bxc3 Qc7 8.Bd2 d6
9.f4 d5 10.Nf3 Be7 11.Bd3 Nc6 12.O-O Na5 13.Ng5 g6 14.Qe2 Bd7 15.Rab1 a6
16.f5 exf5 17.e6 fxe6 18.Nxe6 Bxe6 19.Qxe6 Qd6 20.Qe2 O-O 21.g4 f4 22.Qf3 Bg5
23.h4 Bxh4 24.Bxf4 Qd7 25.Qh3 Bf6 26.Bh6 Bg7 27.Bxg7 Qxg7 28.Rxf8+ Rxf8 29.Rf1 Rxf1+
30.Bxf1 Nc6 31.Qg3 g5 32.Bg2 h6 33.Qf3 Ne7 34.Kf2 b5 35.Ke2 Ng6 36.Kd2 Nf4
37.Bf1 Qe7 38.Bd3 Kf7 39.Bc2 b4 40.Bb3 bxc3+ 41.Kxc3 Qe1+ 42.Kc2 Ke6 43.Bxd5+ Nxd5
44.Qf5+ Kd6 45.Qf8+ Qe7 46.Qxh6+ Qf6 47.Qh2+ Kc6 48.Qe2 Kd7 49.Qh2 Qxd4 50.Qh7+ Ne7
51.Qh5 Qf2+ 52.Kd3 Qh4 53.Ke4 Qxh5 54.gxh5 Ke6  0-1

[Event "Goodbye Summer Open"]
[Site "Omis CRO"]
[Date "2005.10.16"]
[Round "9"]
[White "Berke,A"]
[Black "Vranjic,M"]
[Result "1-0"]
[WhiteElo "2047"]
[BlackElo "1776"]

1.e4 c5 2.c3 Nf6 3.e5 Nd5 4.Nf3 Nc6 5.d4 cxd4 6.cxd4 d6 7.Bc4 Nb6 8.Bb3 e6
9.exd6 Bxd6 10.O-O O-O 11.Nc3 Nb4 12.Re1 h6 13.Ne4 Be7 14.Ne5 Bd7 15.a3 N4d5
16.Qd3 Rc8 17.Bc2 Qc7 18.Nc5 f5 19.Bxh6 Bxc5 20.dxc5 Qxc5 21.Qg3 Qe7 22.Ng6 Qf6
23.Nxf8 Qxh6 24.Nxd7 Rxc2 25.Nxb6 axb6 26.Rad1 f4 27.Qb3 Rc6 28.a4 Qg5 29.Qa3 Kf7
30.Qf3 Nf6 31.Rc1 e5 32.Rxc6 bxc6 33.Qxc6 e4 34.Qc7+ Kg6 35.g3 f3 36.Qf4 Qh5
37.h4 Qd5 38.Qg5+ Qxg5 39.hxg5 Kxg5 40.b4  1-0